| Tag |
First Indicator |
Second Indicator |
Subfields |
| LEADER |
00000cam a2200000 a 4500 |
| 001 |
in00000088033 |
| 005 |
20151008064955.0 |
| 008 |
710520s1970 cauab b 00010 engm |
| 010 |
|
|
|a 73126937
|
| 020 |
|
|
|a 0871560437
|c $7.95
|
| 035 |
|
|
|a (OCoLC)00138220
|
| 035 |
|
|
|9 AAK5133AM
|
| 040 |
|
|
|a DLC
|c DLC
|d TXA
|d UtOrBLW
|
| 043 |
|
|
|a i-se---
|
| 049 |
|
|
|a TXAS
|c [1422331]
|
| 050 |
0 |
0 |
|a QH196.A4
|b B4 1970b
|
| 082 |
0 |
|
|a 574.969/4
|
| 100 |
1 |
|
|a Beamish, Tony.
|
| 245 |
1 |
0 |
|a Aldabra alone /
|c Tony Beamish ; foreword by Sir Julian Huxley.
|
| 264 |
|
1 |
|a San Francisco :
|b Sierra Club,
|c [1970]
|
| 264 |
|
4 |
|c ©1970
|
| 300 |
|
|
|a 222 pages 24 unnumbered pages of plates :
|b illustrations (some color), maps. ;
|c 25 cm.
|
| 336 |
|
|
|a text
|b txt
|2 rdacontent
|
| 337 |
|
|
|a unmediated
|b n
|2 rdamedia
|
| 338 |
|
|
|a volume
|b nc
|2 rdacarrier
|
| 500 |
|
|
|a "A Sierra Club book."--Dust jacket.
|
| 504 |
|
|
|a Bibliography: pages [220]-222.
|
| 650 |
|
0 |
|a Natural history
|z Seychelles
|z Aldabra Islands.
|
| 650 |
|
0 |
|a Wildlife conservation
|z Seychelles
|z Aldabra Islands.
|
| 999 |
|
|
|a MARS
|
| 999 |
f |
f |
|s 4ff71842-0719-39a8-b535-e635a053a9f4
|i 2d32aa70-60d9-3ad8-80ed-6c59e4ef09bc
|t 0
|
| 952 |
f |
f |
|p noncirc
|a Texas A&M University
|b College Station
|c Cushing Memorial Library & Archives
|d Cushing: Kincaid/Africa (Remote Storage: 2-3 day retrieval)
|t 0
|e QH196.A4 B4 1970b
|h Library of Congress classification
|i unmediated -- volume
|m A14806069499
|
| 998 |
f |
f |
|a QH196.A4 B4 1970b
|t 0
|l Cushing: Kincaid/Africa (Remote Storage: 2-3 day retrieval)
|